| 000 | 01240nam a22002057a 4500 | ||
|---|---|---|---|
| 008 | 161222s2017 xxk|||||o|||| 00| 0 eng d | ||
| 041 | _aeng | ||
| 110 | _aRoyal Institution of Chartered Surveyors | ||
| 245 |
_aAssociate Assessment _bBuilding Control Pathway Guide _h[Electronic resource] |
||
| 260 |
_aLondon, _bRoyal Institution of Chartered Surveyors, _c2017 |
||
| 300 | _a17p | ||
| 490 | _aRICS APC Pathway Guide | ||
| 520 | _aDuring your journey towards a RICS qualification, you are assessed on your sector-specific skills, knowledge and experience. For this pathway you ensure that building regulations and other legislation are followed in the design and construction stages of new and altered buildings, giving advice when designs fail to meet standards or where unforeseen problems are found on site. This includes fire safety, energy conservation, structural stability and disabled access. | ||
| 650 | _aBuilding Control | ||
| 690 |
_96216 _aAPC |
||
| 690 |
_96222 _aBuilding control |
||
| 710 | _aRoyal Institution of Chartered Surveyors | ||
| 856 |
_uhttps://www.rics.org/globalassets/rics-website/media/qualify/pathway-guides/building-control-pathway-guide-associate-rics.pdf _zAvailable free on RICS.org |
||
| 942 | _n0 | ||
| 999 |
_c121273 _d121273 |
||